|
|
|
|
| LEADER |
00000nkm a2200000 a 4500 |
| 001 |
vtls011844033 |
| 003 |
SK-MaSNL |
| 005 |
20260331211605.0 |
| 007 |
kf co |
| 008 |
230718s1972 xo g kuslo |
| 015 |
|
|
|a SNBG1972
|
| 035 |
|
|
|a urn:nbn:sk:snk-km00dvvg
|
| 035 |
|
|
|a urn:nbn:sk:snk-km3ls6k
|
| 035 |
|
|
|a 86929F4B-83EC-4C37-8AED-1F814F364162
|
| 040 |
|
|
|a SNK
|b slo
|c SNK
|e AACR2
|
| 041 |
0 |
|
|a slo
|
| 043 |
|
|
|a e-xo---
|
| 044 |
|
|
|a xo
|c SK
|
| 072 |
|
7 |
|a 913
|x Regionálna geografia
|2 konspekt
|
| 080 |
|
|
|a 913(437.6)
|2 2011
|
| 080 |
|
|
|a 726:27-523.42
|2 2011
|
| 080 |
|
|
|a (084.121)
|2 2011
|
| 080 |
|
|
|a 711.61
|2 2011
|
| 080 |
|
|
|a 725.1:352
|2 2011
|
| 080 |
|
|
|a 725.945
|2 2011
|
| 080 |
|
|
|a 725.835
|2 2011
|
| 100 |
1 |
|
|a Rozman, Ladislav,
|d 1898-1986
|4 pht
|9 5062
|
| 245 |
1 |
0 |
|a Krompachy
|h grafika
|b Námestie : dom kultúry : pamätník robotníckej vzbury r. 1921
|c foto: L. Rozman, A. Hreblay
|
| 246 |
1 |
|
|i Názov na obrazovej časti:
|a Krompachy
|
| 260 |
|
|
|a Bratislava
|b Pressfoto
|c 1972
|
| 300 |
|
|
|a 1 pohľadnica (3 čiastkové pohľady)
|b farebná
|c 11 x 15 cm
|
| 520 |
8 |
|
|a Zobrazenie: Tri čiastkové pohľady oddelené bielou líniou. Pohľad na námestie, vľavo v pozadí s dvomi kostolmi a vpravo s radnicou. Pohľad na pamätník padlým obetiam. Pohľad na ulicu a budovu Domu kultúry sprava
|
| 650 |
0 |
7 |
|a kostoly
|2 SNKPH
|9 3023
|
| 650 |
0 |
7 |
|a námestia
|2 SNKPH
|9 26291
|
| 650 |
0 |
7 |
|a radnice
|2 SNKPH
|9 27759
|
| 650 |
0 |
7 |
|a pamätníky
|2 SNKPH
|9 25601
|
| 650 |
0 |
7 |
|a kultúrne domy
|2 SNKPH
|9 73211
|
| 651 |
|
7 |
|a Krompachy (Slovensko)
|2 SNKPHgeo
|9 43389
|
| 655 |
|
7 |
|a miestne pohľadnice
|2 SNKPH
|9 70510
|
| 700 |
1 |
|
|a Hreblay, A.
|c (fotograf)
|4 pht
|9 423519
|
| 852 |
|
|
|a Slovenská národná knižnica
|
| 954 |
|
|
|a pohľadnice pôvodné (slovenské)
|2 lita
|
| 958 |
|
|
|a GBN
|
| 958 |
|
|
|a GC
|
| 958 |
|
|
|a OND
|
| 958 |
|
|
|a EUIPO
|
| 999 |
|
|
|c 687821
|d 689751
|
| 952 |
|
|
|a SNK
|b SNK
|y PREZ
|7 0
|p 17A1285568
|o snkSP 80615
|z Pohľadnica prešla poštou.
|0 0
|1 0
|4 0
|d 2019-03-05
|f 1
|l 0
|r 2026-02-23 20:17:34
|w 2026-02-23
|